000 00641nas a2200229 4500
001 BR8901544
003 BR-BrBNA
005 20231205091512.0
007 ta
008 230509b bl.|||p| |||| 00| 00por d
040 _aBR-BrBNA
_bpor
_cBiblioteca Nacional de Agricultura
041 _a(Pt)
072 _aL74
100 1 _aBaccari Junior, F.
245 1 _aStress e estressores; Stress climatico
650 _aSTRESS
650 _aACLIMATACAO
650 _aLACTACAO
773 0 _tGado Holandes (Brazil)
_xISSN 0101-7977
_g(May 1987), v. 5(138) p. 11-18
_wBR8901544
909 _a202311
_bLúcia
_c55
_dLúcia Elande
942 _2AGRIS
_n0
_cANA
999 _c125502
_d125502